000 00765nam a2200217 i 4500
001 bg
100 1 _aKOSMA, Zbigniew
245 1 0 _aWstęp do grafiki komputerowej /
_cZbigniew Kosma.
260 _aRadom :
_bWSI,
_c1994.
300 _a346 s. :
_brys., wykr., err. ;
_c23 cm +
_edyskietka.
490 1 _aSkrypty / Wyższa Szkoła Inżynierska im. Kazimierza Pułaskiego w Radomiu,
_x0860-9241 ;
_vnr 8
504 _aBibliogr. przy rozdz.
650 9 _aGrafika komputerowa
655 _aPodręczniki akademickie
830 0 _aSkrypty (Wyższa Szkoła Inżynierska im. Kazimierza Pułaskiego w Radomiu) ;
_vnr 8
040 _cBPK
041 0 _apl
080 _a681.322.06:519.688:741/744:514](075.8)
942 _cKS
008 s pl f |000 0 pol
999 _c24407
_d24407
856 _uhttp://koha.tu.koszalin.pl/cgi-bin/koha/opac-detail.pl?biblionumber=24407
_yKatalog online BPK